[Event "AUTO-INT-3942"]
[Site "http://www.queenalice.com/game.php?id=1861944"]
[Date "2025.8.23"]
[Round "1"]
[White "ajr"]
[Black "dosoldini"]
[Result "0-1"]
[WhiteElo "1692"]
[BlackElo "1650"]

1. d4 d5 2. h3 Nc6 3. Nf3 h6 4. Nc3 e6 5. a3 Be7 6. Bf4 g5 7. Bg3 Nf6 8. e3 a6
9. Ne5 Nxe5 10. Bxe5 O-O 11. Bxf6 Bxf6 12. Bd3 e5 13. Be2 Bf5 14. g4 Bd7 15. Bf3
c6 16. b4 Qe8 17. Ne2 e4 18. Bg2 b6 19. Ng3 Qc8 20. c3 Be7 21. Rf1 f5 22. f4
fxg4 23. hxg4 Bxg4 24. Qb3 Bd6 25. Ne2 Bxe2 26. Kxe2 Qg4+ 27. Kf2 gxf4 28. Qc2
fxe3+ 29. Kxe3 Bf4+ 30. Rxf4 Qxf4+ 31. Ke2 Qf2+ 0-1

[Event "AUTO-INT-3942"]
[Site "http://www.queenalice.com/game.php?id=1861945"]
[Date "2025.8.23"]
[Round "1"]
[White "dosoldini"]
[Black "ajr"]
[Result "0-1"]
[WhiteElo "1656"]
[BlackElo "1679"]

1. e4 a6 2. d4 h6 3. Bd3 Nc6 4. c3 d6 5. d5 Ne5 6. Be2 Nf6 7. h3 Nxe4 8. Qd4 Bf5
9. Nd2 Nxd2 10. Bxd2 c5 11. Qa4+ Bd7 12. Qc2 b5 13. f4 Nc4 14. Bxc4 bxc4 15.
O-O-O g6 16. h4 a5 17. Qe4 f5 18. Qxc4 Qb6 19. b3 Bb5 20. Qxb5+ Qxb5 21. c4 Qd7
22. Bc3 Rh7 23. Nf3 Bg7 24. Bd2 a4 25. b4 a3 26. Rhe1 Qa4 27. Re3 Bb2+ 0-1

[Event "AUTO-OPEN-4611"]
[Site "http://www.queenalice.com/game.php?id=1862000"]
[Date "2025.8.24"]
[Round "1"]
[White "ajr"]
[Black "josebaron"]
[Result "0-1"]
[WhiteElo "1654"]
[BlackElo "2181"]

1. d4 d5 2. h3 Nf6 3. Nf3 e6 4. a3 Be7 5. Bg5 O-O 6. e3 h6 7. Bxf6 Bxf6 8. Nc3
Nd7 9. b4 c6 10. Bd3 e5 11. O-O e4 0-1

[Event "AUTO-OPEN-4611"]
[Site "http://www.queenalice.com/game.php?id=1862004"]
[Date "2025.8.24"]
[Round "1"]
[White "ajr"]
[Black "askasl159"]
[Result "1-0"]
[WhiteElo "1671"]
[BlackElo "1534"]

1. d4 d5 2. h3 g6 3. Nf3 Bg7 4. Nc3 Nc6 5. Bg5 b6 6. e3 Nf6 7. Bxf6 Bxf6 8. Bb5
Bb7 9. Ne5 Bxe5 10. dxe5 O-O 11. Qxd5 e6 12. Qxd8 Raxd8 13. Bxc6 Bxc6 14. O-O f6
15. Rfd1 Kg7 16. Rxd8 Rxd8 17. Rd1 Rxd1+ 18. Nxd1 fxe5 19. f3 e4 20. f4 1-0

[Event "AUTO-OPEN-4611"]
[Site "http://www.queenalice.com/game.php?id=1862005"]
[Date "2025.8.24"]
[Round "1"]
[White "askasl159"]
[Black "ajr"]
[Result "1-0"]
[WhiteElo "1511"]
[BlackElo "1694"]

1. e4 e5 2. f4 a6 3. Nf3 exf4 4. d4 g5 5. h3 b5 6. a3 Bb7 7. Bd3 d5 8. e5 h6 9.
Bf5 Bg7 10. Bd2 Ne7 11. Bg4 f5 12. exf6 Bxf6 13. Ne5 Bxe5 14. dxe5 d4 15. Be6
Bxg2 16. Qh5+ 1-0

[Event "AUTO-INT-3947"]
[Site "http://www.queenalice.com/game.php?id=1864152"]
[Date "2025.10.13"]
[Round "1"]
[White "Carlos19"]
[Black "ajr"]
[Result "0-1"]
[WhiteElo "1587"]
[BlackElo "1727"]

1. e4 e5 2. Nf3 d5 3. d3 dxe4 4. Nxe5 f6 5. Nc4 Nc6 6. dxe4 Qxd1+ 7. Kxd1 Bc5 8.
Be3 Bxe3 9. fxe3 Bg4+ 10. Be2 Bxe2+ 11. Kxe2 Rd8 12. Nc3 a6 13. h4 b5 14. Nd2
Nge7 15. a3 Kf7 16. Nf3 h6 17. Rad1 Rxd1 18. Rxd1 g5 19. Nd5 Nxd5 20. exd5 Na5
21. d6 cxd6 22. Rxd6 Nc4 23. Rxa6 Nxb2 24. Rb6 Nc4 25. Ra6 Re8 26. Ra7+ Re7 27.
Ra6 Nxe3 28. Kd3 Nxg2 29. Rb6 Re3+ 30. Kd2 Rxf3 31. Rxb5 gxh4 32. a4 h3 33. Rh5
Kg6 34. Rb5 Re3 35. a5 h2 36. Rb1 Re1 37. Rxe1 Nxe1 38. Kxe1 h1=Q+ 39. Kd2 f5
40. a6 f4 41. c4 Qa8 0-1

[Event "AUTO-INT-3947"]
[Site "http://www.queenalice.com/game.php?id=1864153"]
[Date "2025.10.13"]
[Round "1"]
[White "ajr"]
[Black "Carlos19"]
[Result "0-1"]
[WhiteElo "1745"]
[BlackElo "1584"]

1. d4 e6 2. a3 c5 3. dxc5 Bxc5 4. b4 Bb6 5. Nf3 f5 6. Bg5 Nf6 7. c4 h6 8. Bxf6
Qxf6 9. Ra2 a5 10. b5 O-O 11. e3 d5 12. cxd5 Rd8 13. d6 Bc5 14. Rd2 b6 15. a4
Bb4 16. Bc4 Bxd2+ 17. Qxd2 Nd7 18. Ke2 Ne5 19. Nxe5 Qxe5 20. f4 Qf6 21. Qd3 Qb2+
22. Qd2 Qb4 23. Qxb4 axb4 24. Rd1 Rxa4 25. d7 Bb7 26. Bxe6+ Kh7 27. Bxf5+ g6 28.
Bh3 Be4 29. Nd2 Ra2 30. Ke1 Bc2 31. Rc1 Bf5 32. Bxf5 gxf5 33. Rc7 Raa8 34. Nc4
Rab8 35. Kd2 h5 36. Ne5 Kg7 37. Nc6 Rbc8 38. Nxd8 Rxd8 39. Kd3 Kf7 40. e4 fxe4+
41. Kxe4 Ke6 42. h4 Rxd7 43. f5+ Kd6 44. Rc6+ Ke7 45. f6+ Kf7 46. Ke5 b3 47. Rc1
Rd2 48. Rb1 b2 49. g3 Re2+ 50. Kf5 Rg2 51. Kg5 Rxg3+ 52. Kxh5 Rb3 53. Kg4 Rxb5
54. h5 Kxf6 55. Rf1+ Kg7 56. Rb1 Kh6 57. Kh4 Rb4+ 0-1

[Event "AUTO-INT-3947"]
[Site "http://www.queenalice.com/game.php?id=1864166"]
[Date "2025.10.13"]
[Round "1"]
[White "ajr"]
[Black "nuzera"]
[Result "1-0"]
[WhiteElo "1741"]
[BlackElo "1435"]

1. d4 d5 2. c4 dxc4 3. e4 b5 4. h3 Bb7 5. d5 Nf6 6. f3 Qd6 7. Ne2 Qb4+ 8. Nbc3
a5 9. a3 Qb3 10. Qxb3 cxb3 11. Nxb5 Kd8 12. Bf4 Na6 13. Ned4 Nh5 14. Ne2 a4 15.
g4 Nxf4 16. Nxf4 g5 17. Nd3 f6 18. Rc1 1-0

[Event "AUTO-INT-3947"]
[Site "http://www.queenalice.com/game.php?id=1864167"]
[Date "2025.10.13"]
[Round "1"]
[White "nuzera"]
[Black "ajr"]
[Result "0-1"]
[WhiteElo "1439"]
[BlackElo "1737"]

1. e4 c5 2. Qh5 a6 3. Qxc5 e6 4. Qe5 Nc6 5. Qg3 Bc5 6. Qxg7 Qf6 7. Qxf6 Nxf6 8.
Nf3 Nxe4 9. Bd3 d5 10. Bxe4 dxe4 11. Ng5 f5 12. O-O h6 13. Nh3 Bd6 14. c3 b5 15.
b4 a5 16. bxa5 Rxa5 17. Bb2 e5 0-1

[Event "AUTO-INT-3948"]
[Site "http://www.queenalice.com/game.php?id=1864477"]
[Date "2025.10.19"]
[Round "1"]
[White "ajr"]
[Black "JoseMessias"]
[Result "1-0"]
[WhiteElo "1704"]
[BlackElo "1588"]

1. d4 d5 2. h3 c6 3. Nf3 Bf5 4. Nc3 e6 5. Bf4 Bb4 6. Bxb8 Rxb8 7. Qd2 b5 8. a3
Bxc3 9. Qxc3 Qb6 10. b4 Ne7 11. e3 O-O 12. Ne5 Rbd8 13. g4 Be4 14. f3 f6 15.
fxe4 fxe5 16. exd5 exd5 17. dxe5 Rf3 18. Ke2 d4 19. Qc5 Rxe3+ 20. Kd2 Re8 21.
Qxb6 axb6 22. Bd3 Nd5 23. Rhe1 R8xe5 24. Re2 Nf4 25. Rxe3 dxe3+ 26. Kc3 e2 27.
Kd2 Rd5 28. Ke1 g5 29. Kd2 c5 30. bxc5 bxc5 31. Kc3 Re5 32. Re1 Re3 33. Kd2 Re5
34. Bxb5 Rd5+ 35. Kc1 Rd8 36. Bxe2 Nxh3 37. Bc4+ Kh8 38. Re5 Rd4 39. Rxc5 Rxg4
40. Rc8+ Kg7 41. Be6 Rg1+ 42. Kb2 Nf4 43. Bb3 Rg2 44. a4 Nd3+ 45. Kc3 Ne5 46. a5
Rg1 47. a6 Rg3+ 48. Kb4 Rg4+ 49. Kb5 Rg1 50. Rc7+ Kf6 51. a7 Ra1 52. Ba4 Rb1+
53. Ka5 g4 54. a8=Q g3 55. Qf8+ Kg5 56. Rg7+ Ng6 57. Qe7+ Kg4 58. Qe4+ Kh3 59.
Rxh7+ Nh4 60. Rxh4# 1-0